Effective of mono Ammonium phosphate rate on the growth of romaine lettuce by hydroponic technique; ឥទ្ធិពលរបស់អត្រាម៉ូណូអាម៉ូញ់ូមផូស្វាតលើការលូតលាស់ដំណាំសាលាដ(Romaine)ដាំតាមបច្ចេកទេសអ៊ីដ្រូប៉ូនិក (Record no. 10966)

000 -LEADER
fixed length control field 00767nam a22001577a 4500
003 - CONTROL NUMBER IDENTIFIER
control field OSt
005 - DATE AND TIME OF LATEST TRANSACTION
control field 20161127105746.0
008 - FIXED-LENGTH DATA ELEMENTS--GENERAL INFORMATION
fixed length control field 161127b xxu||||| |||| 00| 0 eng d
040 ## - CATALOGING SOURCE
Transcribing agency RUA
082 ## - DEWEY DECIMAL CLASSIFICATION NUMBER
Classification number AGR SRE B541 2014 Or.1
100 ## - MAIN ENTRY--PERSONAL NAME
9 (RLIN) 11409
Personal name SRENG ROTHANAK; ស្រេង រតនៈ
245 ## - TITLE STATEMENT
Title Effective of mono Ammonium phosphate rate on the growth of romaine lettuce by hydroponic technique; ឥទ្ធិពលរបស់អត្រាម៉ូណូអាម៉ូញ់ូមផូស្វាតលើការលូតលាស់ដំណាំសាលាដ(Romaine)ដាំតាមបច្ចេកទេសអ៊ីដ្រូប៉ូនិក
260 ## - PUBLICATION, DISTRIBUTION, ETC. (IMPRINT)
Place of publication, distribution, etc. Phnom Penh
Name of publisher, distributor, etc. RUA
Date of publication, distribution, etc. 2014
300 ## - PHYSICAL DESCRIPTION
Extent xi;44p;
Other physical details ill;
Dimensions 29cm;
942 ## - ADDED ENTRY ELEMENTS (KOHA)
Source of classification or shelving scheme
Koha item type AGR
Holdings
Price effective from Date last seen Permanent Location Not for loan Date acquired Source of classification or shelving scheme Koha item type Lost status Withdrawn status Date last checked out Total Checkouts Shelving location Damaged status Barcode Current Location Full call number
2016-11-272021-12-14Library Block B 2016-11-27 AGR  2021-12-032B541 A04428Library Block BAGR SRE B541 2014 Or.1
2016-11-272017-10-16Library Block B 2016-11-27 AGR  2017-09-262B541 A00313Library Block BAGR SRE B541 2014 Or.2
2016-11-272022-04-01Library Block B 2016-11-27 AGR  2022-02-071B541 A00192Library Block BAGR SRE B541 2014 Or.3
2016-11-272016-11-27Library Block B 2016-11-27 AGR    B541 RUA061004Library Block BAGR SRE B541 2014 Or.4
2016-11-272020-12-09Library Block B 2016-11-27 AGR  2020-12-011B541 A00474Library Block BAGR SRE B541 2014 Or.5
2016-11-272016-11-27Library Block B 2016-11-27 AGR    B541 A02821Library Block BAGR SRE B541 2014 Or.6
2016-11-272016-11-27Library Block B 2016-11-27 AGR    B541 A00007Library Block BAGR SRE B541 2014 Or.7
2016-11-272016-11-27Library Block B 2016-11-27 AGR    B541 A02477Library Block BAGR SRE B541 2014 Or.8
2021-09-282021-09-28Library Block B 2021-09-28 AGR    B691 a066025Library Block BAGR SRE 2014 B691 Or.1
2021-12-172025-04-21Library Block B 2021-12-17 AGR  2025-03-181B043 a065811Library Block BAGR SRE B043 2014 Or.1
មជ្ឈមណ្ឌលឯការនៃសាកលវិទ្យាល័យភូមិន្ទកសិកម្មចំការដូង

Powered by Koha